| 000 | 00451nam a2200169Ia 4500 | ||
|---|---|---|---|
| 008 | 230524s9999 xx 000 0 und d | ||
| 082 |
_a621.3822 _bWIL |
||
| 100 | _aWilbur F.Pritchard | ||
| 245 | 0 | _aSatellite Communication Systems Engineering | |
| 250 | _a2ND | ||
| 260 |
_aNEW DELHI _bPearson _c2003 |
||
| 300 | _a547 | ||
| 500 | _aQuantity Number: 7 | ||
| 650 | _aElectronics | ||
| 700 | _a" Henri G.Suyderhoud , R.A.Nelson,,," | ||
| 942 | _cBK | ||
| 999 |
_c22925 _d22925 |
||